000 00285nam a22001217a 4500
082 _a011
_bSIE/G
100 _aGOVT, OF INDIA
245 _aSIET KERALA, GENERAL SUBJECTS
_bSIET CORPORATE FILM
260 _aNEW DELHI
_bGOVT. OF INDIA
300 _bVCD
520 _aREFERENCE
942 _cBK
999 _c7955
_d7955